书目信息 |
| 题名: |
机械制图习题集
|
|
| 作者: | 贾海荣 , 刘玉忠 主编 | |
| 分册: | ||
| 出版信息: | 哈尔滨 哈尔滨工程大学出版社 2008.02 |
|
| 页数: | 114页 | |
| 开本: | 26cm | |
| 丛书名: | 21世纪高职系列教材 | |
| 单 册: | ||
| 中图分类: | TH126-44 | |
| 科图分类: | ||
| 主题词: | 机械制图--ji xie zhi tu--高等学校--习题 | |
| 电子资源: | ||
| ISBN: | 978-7-81133-167-7 | |
| 000 | 01011nam 2200265 450 | |
| 001 | 012009874585 | |
| 005 | 20091015142526.29 | |
| 010 | @a978-7-81133-167-7@dCNY15.00 | |
| 100 | @a20091015d2008 em y0chiy0120 ea | |
| 101 | 0 | @achi |
| 102 | @aCN@b230000 | |
| 105 | @ay z 000yy | |
| 106 | @ar | |
| 200 | 1 | @a机械制图习题集@Aji xie zhi tu xi ti ji@f贾海荣, 刘玉忠主编@Fjia hai rong,liu yu zhong zhu bian |
| 210 | @a哈尔滨@c哈尔滨工程大学出版社@d2008.02 | |
| 215 | @a114页@d26cm | |
| 225 | 2 | @a21世纪高职系列教材@A21 shi ji gao zhi xi lie jiao cai |
| 330 | @a本习题集与《机械制图》教材配套使用,内容包括:投影理论、制图基础、零件 表达等。可供高等职业技术院校,高等专科学校以及成人高等院校机械类专业 和相近专业师生使用和参考。 | |
| 410 | 0 | @12001 @a21世纪高职系列教材 |
| 606 | 0 | @a机械制图@Aji xie zhi tu@x高等学校@j习题 |
| 690 | @aTH126-44@v4 | |
| 701 | 0 | @a贾海荣@Ajia hai rong@4主编 |
| 701 | 0 | @a刘玉忠@Aliu yu zhong@4主编 |
| 801 | 0 | @aCN@bQSSK@c20091015 |
| 905 | @b762003-05@dTH126-44@eJ241@f3 | |
| 机械制图习题集/贾海荣, 刘玉忠主编.-哈尔滨:哈尔滨工程大学出版社,2008.02 |
| 114页;26cm.-(21世纪高职系列教材) |
| ISBN 978-7-81133-167-7:CNY15.00 |
| 本习题集与《机械制图》教材配套使用,内容包括:投影理论、制图基础、零件 表达等。可供高等职业技术院校,高等专科学校以及成人高等院校机械类专业 和相近专业师生使用和参考。 |
| ● |
| 相关链接 |
|
|
|
正题名:机械制图习题集
索取号:TH126-44/J241
 
预约/预借
| 序号 | 登录号 | 条形码 | 馆藏地/架位号 | 状态 | 备注 |
| 1 | 762003 | 207620038 | 自科库501/501自科库 36排3列3层/ [索取号:TH126-44/J241] | 在馆 | |
| 2 | 762004 | 207620047 | 自科库501/501自科库 35排3列3层/ [索取号:TH126-44/J241] | 在馆 | |
| 3 | 762005 | 207620056 | 自科库501/501自科库 36排3列3层/ [索取号:TH126-44/J241] | 在馆 |